Statistics for Ázsia fővárosai

Click here to take the quiz!

General Stats

  • This quiz has been taken 105 times
  • The average score is 23 of 48

Answer Stats

OrszágFőváros% Correct
JapánTokió
92%
KínaPeking
89%
IndiaÚj-Delhi
77%
TörökországAnkara
74%
IránTeherán
70%
Koreai Köztársaság (Dél-Korea)Szöul
69%
AzerbajdzsánBaku
68%
IzraelJeruzsálem
68%
AfganisztánKabul
65%
IrakBagdad
62%
IndonéziaJakarta
62%
ÖrményországJereván
62%
ThaiföldBangkok
61%
MongóliaUlánbátor
61%
SzingapúrSzingapúr
58%
VietnámHanoi
55%
Fülöp-szigetekManila
54%
KatarDoha
51%
KuvaitKuvait
51%
CiprusNicosia
51%
Egyesült Arab EmírségekAbu-Dzabi
49%
MalajziaKuala Lumpur
49%
Koreai Népi Demokratikus Köztársaság (Észak-Korea)Phenjan
49%
Szaúd-arábiaRijád
49%
GrúziaTbiliszi
49%
NepálKatmandu
47%
LibanonBejrút
46%
JordániaAmmán
43%
BangladesDakka
42%
SzíriaDamaszkusz
42%
TajwanTajpej
39%
KazahsztánAsztana
38%
PakisztánIszlámábád
38%
LaoszVientián
34%
Maldív-szigetekMalé
32%
ÜzbegisztánTaskent
32%
OmánMaszkat
31%
KirgizisztánBiskek
30%
Kelet-TimorDili
30%
BhutánTimpu
30%
BahreinManáma
27%
KambodzsaPhnom Penh
27%
JemenSzanaa
20%
TürkmenisztánAsgabat
19%
Brunei SzultanátusBandar Seri
Begawan
19%
Mianmar (Burma)Nepjida
19%
TadzsikisztánDusanbe
18%
Srí LankaSzrí Dzsajavardhanapura Kótté
8%

Score Distribution

Percentile by Number Answered

Percent of People with Each Score

Your Score History

You have not taken this quiz